Statistiche per Indovina i Paesi Mentre Vengono Disegnati

Clicka qui per fare il quiz!

Statistiche generali

  • Questo quiz è stato fatto 5.219 volte
  • Il punteggio medio è 6 su 16

Risposte nella Mappa

Le risposte nella mappa del quiz sottostante sono codificate secondo una scala di colori dal rosso al verde in base alla % di persone che hanno risposto correttamente.
 

Statistiche sulle risposte

% Corretto
Norvegia
65%
Germania
63%
Laos
63%
Birmania
61%
Sri Lanka
61%
Spagna
60%
Giappone
59%
Messico
59%
Senegal
59%
Francia
58%
Regno Unito
58%
Portogallo
57%
Argentina
56%
Kazakistan
56%
Paesi Bassi
56%
Russia
56%
Austria
54%
Cuba
54%
Australia
52%
Giordania
52%
Grecia
52%
Cipro
51%
Danimarca
51%
Monaco
51%
Stati Uniti
51%
Svizzera
51%
Turchia
51%
Albania
50%
Ciad
50%
Georgia
50%
Marocco
50%
Moldavia
50%
Perù
50%
Svezia
50%
Azerbaijan
49%
Cina
49%
Islanda
49%
Madagascar
49%
Nepal
49%
Pakistan
49%
Camerun
48%
India
48%
Mali
48%
Namibia
48%
Thailandia
48%
Venezuela
48%
Vietnam
48%
Croazia
47%
Gambia
47%
Iran
47%
Nuova Zelanda
47%
Ucraina
47%
Città del Vaticano
46%
Italia
46%
Lituania
46%
Siria
46%
Somalia
46%
Belgio
45%
Brasile
45%
Cile
45%
Lettonia
45%
Israele
44%
Panama
44%
Repubblica Democratica del Congo
44%
Sudafrica
44%
Arabia Saudita
43%
Benin
43%
Libia
43%
Repubblica Ceca
43%
Zambia
43%
Egitto
42%
Finlandia
42%
Gabon
42%
Ghana
42%
Malesia
42%
Afghanistan
41%
Bangladesh
41%
Mauritania
41%
Nigeria
41%
Papua Nuova Guinea
41%
Polonia
41%
Slovenia
41%
Costa d'Avorio
40%
Irlanda
40%
Uzbekistan
40%
Yemen
40%
Armenia
39%
Emirati Arabi Uniti
39%
Mozambico
39%
Trinidad e Tobago
39%
Bolivia
38%
Bosnia ed Erzegovina
38%
Etiopia
38%
Nicaragua
38%
Paraguay
38%
Tagikistan
38%
Taiwan
38%
Angola
37%
Libano
37%
Oman
37%
Tunisia
37%
Eritrea
36%
Niger
36%
Qatar
36%
Algeria
35%
Estonia
35%
Bulgaria
34%
Corea del Sud
34%
Kenya
34%
Malawi
34%
Malta
34%
Repubblica Centrafricana
34%
Sud Sudan
34%
Haiti
33%
El Salvador
31%
Guinea
31%
Togo
31%
Corea del Nord
30%
Costa Rica
30%
Guatemala
30%
Liberia
30%
Zimbabwe
30%
Guyana
29%
Iraq
29%
Kirghizistan
28%
Giamaica
27%
Repubblica del Congo
27%
Colombia
26%
Kuwait
26%
Repubblica Dominicana
25%
Brunei
24%
Belize
23%
Gibuti
23%
Tanzania
23%
Uruguay
21%
Burundi
20%
Botswana
19%
Honduras
17%
Sierra Leone
15%
Lesotho
12%
Ecuador
11%

Distribuzione punteggi

Percentile per numero di risposta

Percentuale di utenti per punteggio

I tuoi punteggi nel tempo

Non hai fatto questo quiz